| Tag |
First Indicator |
Second Indicator |
Subfields |
| LEADER |
00000nam a2200000 4500 |
| 001 |
in00004187939 |
| 005 |
20200806080948.0 |
| 006 |
m g d |
| 007 |
cr bn |||a|bb| |
| 008 |
941222s1629 enk o 00 eng d |
| 035 |
|
|
|a (UnM)99884379
|
| 037 |
|
|
|a CL2105000001
|b ProQuest Information and Learning. 300 N. Zeeb Rd., Ann Arbor, MI 48106
|
| 040 |
|
|
|a Cu-RivES
|c Cu-RivES
|d CStRLIN
|d Cu-RivES
|e dcrb
|
| 245 |
0 |
2 |
|a A pleasant nevv ballad of two louers. :
|b To a pleasant new tune.
|
| 246 |
2 |
|
|a Pleasant new ballad of two lovers
|
| 260 |
|
|
|a [London] :
|b Printed by the assignes of Thomas Symcock,
|c [1628 or 9]
|
| 300 |
|
|
|a 1 online resource (1 sheet ([1] pages) :
|b illustrations.
|
| 336 |
|
|
|a text
|b txt
|2 rdacontent
|
| 337 |
|
|
|a computer
|b c
|2 rdamedia
|
| 338 |
|
|
|a online resource
|b cr
|2 rdacarrier
|
| 500 |
|
|
|a Woodcut illustration at head.
|
| 500 |
|
|
|a Publication date suggested by STC.
|
| 500 |
|
|
|a Verse: "Complaine my lute complaine on him ..."
|
| 500 |
|
|
|a Printed on same sheet as The lovers complaint (STC 16863). Cf. STC
|
| 500 |
|
|
|a Reproduction of original in the British Library.
|
| 510 |
4 |
|
|a STC (2nd edition)
|c 16864a.11.
|
| 510 |
4 |
|
|a Early English books tract supplement interim guide
|c C.20.f.7[316].
|
| 533 |
|
|
|a Electronic reproduction.
|b Ann Arbor, Mich. :
|c UMI,
|d 1999-
|f (Early English books online)
|n Digital version of: (Early English books; Tract supplement ; A5:1[167a])
|7 s1999 miun s
|
| 650 |
|
0 |
|a Ballads, English
|y 17th century.
|
| 830 |
|
0 |
|a Early English books online.
|
| 856 |
4 |
0 |
|u http://proxy.library.tamu.edu/login?url=https://search.proquest.com/docview/2240893926
|z Connect to the full text of this electronic book
|t 0
|
| 999 |
f |
f |
|s d62ef2e4-2850-34cc-a5ad-3712bdacbef2
|i c7d104d6-371c-3968-83d1-0ddcfb28f0b6
|t 0
|
| 952 |
f |
f |
|a Texas A&M University
|b College Station
|c Electronic Resources
|d Available Online
|t 0
|h No information provided
|
| 998 |
f |
f |
|t 0
|l Available Online
|